00658nam a2200241 a 45000010005000000030009000050080041000140400028000550820013000831000041000962450037001372600032001743000016002065000018002226500029002406500036002696500021003056500023003266500019003496500019003689420012003879990017003999237CO-ViMGA141112s2004 ck r 000 u spa d aCO-ViMGAbspacCO-ViMGA04a930 M7761 aMontenegro González, Augusto9985610aHistoria del antiguo continente. aBogotá : bNorma, c1999. a303p. : il. aMapamundi.. 14aANTIGUO CONTINENTE9985714aCIVILIZACIONES ORIENTALES9985814aEDAD MEDIA9985914aEDAD MODERNA9986014aHISTORIA9986114aSIGLO XX99862 2ddccBK c20771d20771